| 000 | 00472nam a2200145 a 4500 | ||
|---|---|---|---|
| 001 | 000027838 | ||
| 005 | 20210628132527.0 | ||
| 008 | 110405s1995 dr 000 0 spa d | ||
| 040 |
_aDO-SdBNP _bspa _cBNPHU |
||
| 100 | 1 |
_aRathe, Magdalena _936842 |
|
| 245 | 1 | 0 |
_aOferta de srvicios microfinancieros en la República Dominicana : _binforme final / _cMagdalena Rathe. |
| 260 |
_aSanto Domingo : _bEdiciones Computarizadas, _c1995. |
||
| 300 |
_a53 p. : _b27 cm. |
||
| 049 | _aBNPD | ||
| 999 |
_c27330 _d27330 |
||